000 00249nam a2200121 i 4500
001 bg
245 0 _aKonstytucja 3 Maja.
260 _aLublin,
_c1984.
040 _cBPK
041 _apol
942 _cKS
008 s pl f |000 0 pol
999 _c22400
_d22400
856 _uhttp://koha.tu.koszalin.pl/cgi-bin/koha/opac-detail.pl?biblionumber=22400
_yKatalog online BPK